| 000 | nam a22 a 4500 | ||
|---|---|---|---|
| 999 |
_c4270 _d4270 |
||
| 003 | AKMAL | ||
| 005 | 20170526110621.0 | ||
| 008 | 170526s1995 my 00 eng d | ||
| 020 |
_a9678903652 (pbk.): _cRgt. 12.00 |
||
| 082 | 0 | 4 | _a346.595065 AUC |
| 090 |
_a346.595065 _bAUC |
||
| 110 | 1 |
_aMalaysia _9400 |
|
| 245 | 1 |
_aAuction laws of Malaysia : _b(as at 25th. September 1995) / _ccompiled by Legal Research Board |
|
| 260 |
_aKuala Lumpur : _bInternational Law Book Services, _c1995 |
||
| 300 |
_a44p. ; _c24cm |
||
| 650 |
_aAuctions _zMalaysia _98341 |
||
| 650 |
_aCommercial law _zMalaysia _93703 |
||
| 942 |
_2ddc _cBOOK |
||